{"text_format":"3","workbook":"xlsx","n_sheets":1,"sheets":["Протокол ШЭ ВОШ по предмету"],"not_rendered":{"defined_names":1},"read":"whole","date_system":"1900"}

{"sheet":"Протокол ШЭ ВОШ по предмету","index":0,"n_rows":49,"n_cols":15,"rows_kept":49}
["№","Фамилия","Имя","Отчество","Дата рождения","Пол","Участник с ОВЗ (да/нет)","Класс обучения","Класс участия","Балл","Максимальный балл","Статус","Призёр муниципального этапа прошлого года","ФИО учителя","Место работы учителя"]
[1,"Семенов","Александр","Алексеевич","2006-01-31","М","нет",10,10,16,100,"участник","нет","Бурнина Наталья Александровна","Муниципальное бюджетное общеобразовательное учреждение «Средняя общеобразовательная школа №29» Нижнекамского муниципального района Республики Татарстан"]
[2,"Мартьянов","Вадим","Олегович","2006-05-18","М","нет",10,10,33,100,"участник","нет","Бурнина Наталья Александровна","Муниципальное бюджетное общеобразовательное учреждение «Средняя общеобразовательная школа №29» Нижнекамского муниципального района Республики Татарстан"]
[3,"Бурова","Кристина","Константиновна","2006-12-21","Ж","нет",10,10,14,100,"участник","нет","Бурнина Наталья Александровна","Муниципальное бюджетное общеобразовательное учреждение «Средняя общеобразовательная школа №29» Нижнекамского муниципального района Республики Татарстан"]
[4,"Гайнуллина","Камиля","Ильдаровна","2006-09-25","Ж","нет",10,10,29,100,"участник","нет","Бурнина Наталья Александровна","Муниципальное бюджетное общеобразовательное учреждение «Средняя общеобразовательная школа №29» Нижнекамского муниципального района Республики Татарстан"]
[5,"Саруханян","Давид","Эдуардович","2006-05-16","М","нет",10,10,10,100,"участник","нет","Бурнина Наталья Александровна","Муниципальное бюджетное общеобразовательное учреждение «Средняя общеобразовательная школа №29» Нижнекамского муниципального района Республики Татарстан"]
[6,"Новокшанов","Антон","Игоревич","2006-02-25","М","нет",10,10,29,100,"участник","нет","Бурнина Наталья Александровна","Муниципальное бюджетное общеобразовательное учреждение «Средняя общеобразовательная школа №29» Нижнекамского муниципального района Республики Татарстан"]
[7,"Рустамов","Артур","Аскарович","2006-07-11","М","нет",10,10,13,100,"участник","нет","Бурнина Наталья Александровна","Муниципальное бюджетное общеобразовательное учреждение «Средняя общеобразовательная школа №29» Нижнекамского муниципального района Республики Татарстан"]
[8,"Шигапова","Камилла ","Ильшатовна","2006-09-17","Ж","нет",10,10,51,100,"участник","нет","Бурнина Наталья Александровна","Муниципальное бюджетное общеобразовательное учреждение «Средняя общеобразовательная школа №29» Нижнекамского муниципального района Республики Татарстан"]
[9,"Туктамышев"," Амир","Альбертович","2006-04-07","м","нет",10,10,58,100,"призер","нет","Бурнина Наталья Александровна","Муниципальное бюджетное общеобразовательное учреждение «Средняя общеобразовательная школа №29» Нижнекамского муниципального района Республики Татарстан"]
[10]
[11]
[12]
[13]
[14]
[15]
[16]
[17]
[18]
[19]
[20]
[21]
[22]
[23]
[24]
[25]
[26]
[27]
[28]
[29]
[30]
[31]
[32]
[33]
[34]
[35]
[36]
[37]
[38]
[39]
[40]
[41]
[42]
[43]
[44]
[45]
[46]
[47]
[48]